000 02902cam a22005054a 4500
003 PE-LiUPU
005 20250731172846.0
008 040326s2004 miu b 001 0 eng
020 _a0310235391
020 _a9780310235392
035 _a(Sirsi) i9780310235392
040 _aPE-LiUPU
_bspa
_cPE-LiUPU
_erda
049 _aPRUA
082 0 0 _a280.042
_bN26
_222
100 1 _aNassif, Bradley
245 0 0 _aThree views on Eastern Orthodoxy and evangelicalism /
_cBradley Nassif [y otros]. ; James J. Stamoolis, editor general.
264 _aGrand Rapids, Michigan. :
_bZondervan,
_c2004.
300 _a294 páginas ;
_c21 centímetros.
336 _atext
_2rdacontent
337 _aunmediated
_2rdamedia
338 _avolume
_2rdacarrier
490 1 _aCounterpoints
504 _aÍndices : páginas 287-294.
505 0 _aIntroduction / James J. Stamoolis -- Are Eastern Orthodoxy and Evangelicalism compatible? Yes : the Evangelical theology of the Eastern Orthodox Church / Bradley Nassif -- Responses / Michael Horton, Vladimir Berzonsky, George Hancock-Stefan, Ed Rommen -- Conclusion / Bradley Nassif -- Are Eastern Orthodoxy and Evangelicalism compatible? No : an Evangelical perspective / Michael Horton -- Responses / Bradley Nassif, Vladimir Berzonsky, George Hancock-Stefan, Ed Rommen -- Conclusion / Michael Horton -- Are Eastern Orthodoxy and Evangelicalism compatible? No : an Orthodox perspective / Vladimir Berzonsky -- Responses / Bradley Nassif, Michael Horton, George Hancock-Stefan, Ed Rommen -- Conclusion / Vladimir Berzonsky -- Are Eastern Orthodoxy and Evangelicalism compatible? Maybe : an Evangelical perspective / George Hancock-Stefan -- Responses / Bradley Nassif, Michael Horton, Vladimir Berzonsky, Ed Rommen -- Conclusion / George Hancock-Stefan -- Are Eastern Orthodoxy and Evangelicalism compatible? Maybe : an Orthodox perspective / Ed Rommen -- Responses / Bradley Nassif, Michael Horton, Vladimir Berzonsky, George Hancock-Stefan -- Conclusion / Ed Rommen -- Epilogue / James J. Stamoolis.
526 _aSEG42
526 _aSEG41
526 _aSEG40
526 _aSEG39
526 _aP94
526 _aP87
526 _aP86
526 _aP85
526 _aP77
526 _aP76
526 _aP35
650 0 _aEvangelicalismo
_xRelaciones
_xIglesia Ortodoxa Oriental.
700 1 _aStamoolis, James J.
_eeditor
910 _ajck
_bbpc
_cbpc
_d20160510
942 _2ddc
_cBOOK
949 _a280.042 N26
_wDEWEY
_c1
_i73404
_lCCODEBUL1
_mBUL
_p22.99
_r0
_sY
_tBOOK
_u2016-6-2
_xTEOLOGIA
_PP35
_0COMPRA
_o.STAFF. Colección General
994 _aC0
_bPEPRU
596 _a1
999 _a280.042 N26
_wDEWEY
_c9683
_i73404
_f2021-11-11
_g5
_lCCODEBUL1
_mBUL
_p22.99
_r0
_sY
_tBOOK
_u2016-6-2
_xTEOLOGIA
_PP35
_0COMPRA
_o.STAFF. Colección General
_d9683
980 _81
_gALBERTO SANCHEZ Responsable de Automatización